01062nam a2200241Ia 4500001000600000003000900006008004100015040001300056040001300069041001300082100002100095100002900116245005900145245009700204250001100301260001100312260001100323260004900334300005800383500031600441650003200757650003100789F6087IT-RoPAU130308s9999 xx 000 0 und d aIT-RoPAU cIT-RoPAU aITALIANO aUkadike N. Frank gCodice Aut. SPICS: 45045 aOrigini francofone: primi passi tra i film dell'Africa bNascita del Cinema in Africa (La). Il Cinema dell'Africa Sub-Sahariana Dalle Origini al 1975 a1a ed. aTORINO bLindau c1998 [1° Ed.:1998 - Ed.Ling.Originale:1994] a"17 p. (prefazione: no ; testo: 17 [pagine: 85-101])" aRiflessioni Sul Cinema Africano. Note Critiche su Alcuni Film Come: Borom Sarret di Sembene Ousmane (1962), Soleil o di Med Hondo (1971), la Noire De... Di Sembene Ousmane (1966). Avventure in terra Straniera. Alla Ricerca di un Linguaggio Africano Autentico. Cultura Tradizionale Versus L'Influenzaoccidentale. aSTORIA NAZIONALE DEL CINEMA eCodice materia Spics: 6809